V turistickom ruchu máme nedozierne možnosti Veľvyslanec Veľkej Británie navštívil Rožňavu

Podrobná bibliografia
Hlavný autor: Kováč, Juraj, 1945- (Autor)
Médium: Článok
Jazyk:slovenčina
Fyzický popis:1 foto
Predmet:

MARC

LEADER 00000nab a2200000 a 4500
001 vtls001002008
003 SK-MaSNL
005 20260303041245.0
008 040720e19961112xo 0 slo
035 |a RV2608 
040 |a RVGKPD  |b slo  |c RVGKPD  |e AACR2 
041 0 |a slo 
044 |a xo  |c SK 
080 |a 338.48  |2 1981 
100 1 |a Kováč, Juraj,  |d 1945-  |4 aut  |9 214202 
245 1 0 |a V turistickom ruchu máme nedozierne možnosti  |b Veľvyslanec Veľkej Británie navštívil Rožňavu 
300 |b 1 foto 
518 |a 08.11.1996 
650 0 7 |a turistický ruch  |2 RVGKPD  |9 275337 
650 0 7 |a konferencie  |2 RVGKPD  |9 19221 
651 7 |a Rožňava (Slovensko)  |2 RVGKPD  |9 17394 
773 0 8 |t Zora Gemera  |g Roč. 45, č.46, 12.11.1996, s. 1 
852 |a ZVYKNI  |b KIS3GCP 
999 |c 1685998  |d 1687928